XX век танков

Detaylı Bibliyografya
Yazar: Больных А. Г. Александр
Özet:XX столетие по праву считается "веком танков" — ни один другой род войск не оказал такого влияния на ход боевых действий: начиная с первого появления на полях сражений в 1916 г., танки играли решающую роль в большинстве вооруженных конфликтов минувшего столетия, совершив настоящую революцию в военном деле, навсегда изменив характер современной войны. Анализируя боевое применение танков в обеих мировых войнах и многочисленных локальных конфликтах XX века, ведущий военный историк убедительно доказывает, что полноценные, по-настоящему эффективные танковые войска удалось создать лишь трем государствам — Германии, Советскому Союзу и Израилю. Только эти страны, пройдя долгий путь кровавых проб и ошибок, смогли разработать и успешно применить на практике теорию танковой войны. Ни одно другое государство, даже обладающее значительным танковым парком — ни Франция, ни Британия, ни США, — даже не приблизилось к уровню лидеров. Особый интерес представляет последняя глава книги, в которой автор моделирует несостоявшийся конфликт между СССР и НАТО, наглядно демонстрируя, что, вопреки американским прогнозам, на европейском театре военных действий у Запада фактически не было шансов устоять против советской танковой мощи.
Dil:Rusça
Baskı/Yayın Bilgisi: Москва, Яуза, 2009
Seri Bilgileri:Великая Отечественная: Неизвестная война
Konular:
Materyal Türü: MixedMaterials Kitap
KOHA link:https://koha.lib.tpu.ru/cgi-bin/koha/opac-detail.pl?biblionumber=341535

MARC

LEADER 00000nam0a2200000 4500
001 341535
005 20231102005344.0
010 |a 9785699337873 
035 |a (RuTPU)RU\TPU\book\369556 
090 |a 341535 
100 |a 20181003d2009 km y0rusy50 ca 
101 0 |a rus 
102 |a RU 
105 |a y z 001zy 
200 1 |a XX век танков  |f А. Г. Больных 
210 |a Москва  |c Яуза  |c Эксмо  |d 2009 
215 |a 367 с. 
225 1 |a Великая Отечественная: Неизвестная война 
320 |a Библиогр.: с. 361-365 
330 |a XX столетие по праву считается "веком танков" — ни один другой род войск не оказал такого влияния на ход боевых действий: начиная с первого появления на полях сражений в 1916 г., танки играли решающую роль в большинстве вооруженных конфликтов минувшего столетия, совершив настоящую революцию в военном деле, навсегда изменив характер современной войны. Анализируя боевое применение танков в обеих мировых войнах и многочисленных локальных конфликтах XX века, ведущий военный историк убедительно доказывает, что полноценные, по-настоящему эффективные танковые войска удалось создать лишь трем государствам — Германии, Советскому Союзу и Израилю. Только эти страны, пройдя долгий путь кровавых проб и ошибок, смогли разработать и успешно применить на практике теорию танковой войны. Ни одно другое государство, даже обладающее значительным танковым парком — ни Франция, ни Британия, ни США, — даже не приблизилось к уровню лидеров. Особый интерес представляет последняя глава книги, в которой автор моделирует несостоявшийся конфликт между СССР и НАТО, наглядно демонстрируя, что, вопреки американским прогнозам, на европейском театре военных действий у Запада фактически не было шансов устоять против советской танковой мощи. 
606 1 |a Танковые войска  |2 stltpush  |3 (RuTPU)RU\TPU\subj\58558  |9 76338 
610 1 |a история 
610 1 |a 20 век 
610 1 |a Вторая мировая война 1939-1945 
610 1 |a танки 
610 1 |a боевые действия 
610 1 |a Первая мировая война 1914-1918 
610 1 |a холодная война 
610 1 |a локальные конфликты 
610 1 |a НАТО 
610 1 |a СССР 
686 |a Ц53  |v LBC/SL-A  |2 rubbk 
700 1 |a Больных  |b А. Г.  |g Александр 
801 1 |a RU  |b 63413507  |c 20181003 
801 2 |a RU  |b 63413507  |c 20181017  |g RCR 
942 |c BK